Игры современников: роман

ग्रंथसूची विवरण
मुख्य लेखक: Оэ Кэндзабуро
अन्य लेखक: Гривнин В. (переводчик)
भाषा:रूसी
प्रकाशित: Москва, Радуга, 1987
विषय:
स्वरूप: MixedMaterials पुस्तक
KOHA link:https://koha.lib.tpu.ru/cgi-bin/koha/opac-detail.pl?biblionumber=162031

MARC

LEADER 00000nam0a2200000 4500
001 162031
005 20231031160153.0
020 |a RU  |b 87-11035 
035 |a (RuTPU)RU\TPU\book\175706 
090 |a 162031 
100 |a 20090617d1987 m y0rusy5003 ca 
101 1 |a rus  |c jap 
102 |a RU 
105 |a y z 000ay 
200 1 |a Игры современников  |e роман  |f Оэ Кэндзабуро  |g пер. с яп. и предисл. В. Гривнин 
210 |a Москва  |c Радуга  |d 1987 
215 |a 399,[1] с; 22 см 
610 1 |a японская литература 
610 1 |a романы 
675 |a 89  |z rus 
700 1 |a Оэ Кэндзабуро  |4 070 
702 1 |a Гривнин  |b В.  |4 730 
801 0 |a RU  |b RuMRKP  |c 19950417  |g psbo 
801 1 |a RU  |b 63413507  |c 20090617  |g PSBO 
801 2 |a RU  |b 63413507  |c 20090617  |g PSBO 
942 |c BK